00612 2200193 4500001002100000005001500021035002000036007000300056008004100059082001600100100002300116245006700139250001200206260006800218300003000286650006000316700002300376856001900399INLIS00000000000009720250710122728 a0010-0725000097ta250710 a 0 ind  a398.209 5980 aSrinivasan,Shalini1 aManasa Mengumpulkan warna-warni Pelangi /cShalini Shrinivasan aPertama aJakarta Timur :bBadan Pengembangan dan Pembinaan Bahasa,c2022 a20hlm. :bilus. ;c22,9cm 4acerita anak indonesia-terjemahan, literasi-bahan bacaan0 aPia Alize Hazarika aTBM AS-SYUHADA